Law relating to electricity in India: (Record no. 18875)

MARC details
000 -LEADER
fixed length control field 01217nam a22002537a 4500
008 - FIXED-LENGTH DATA ELEMENTS--GENERAL INFORMATION
fixed length control field 081120t xxu||||| |||| 00| 0 eng d
010 ## - LCCN (DPL NO)
LC control number ENG-91713
020 ## - INTERNATIONAL STANDARD BOOK NUMBER
International Standard Book Number 9788175347175
Terms of availability 1695.00
035 ## - SYSTEM CONTROL NUMBER
System control number EN-75246
037 ## - SOURCE OF ACQUISITION
Source of stock number/acquisition DBAD / PUB
040 ## - CATALOGING SOURCE
Original cataloging agency dpl
Language of cataloging English
082 ## - DEWEY DECIMAL CLASSIFICATION NUMBER
Classification number 343.540929
100 ## - MAIN ENTRY--PERSONAL NAME
Personal name Aiyar, S. Krishnamurthi, 1906-
245 ## - TITLE STATEMENT
Title Law relating to electricity in India:
Statement of responsibility, etc by S. Krishnamurthi Aiyar
Remainder of title an exhaustive section-wise commentary on the Electricity Act, 2003 along with central and state acts, rules, regulations, notifications, and model forms /
250 ## - EDITION STATEMENT
Edition statement 2nd ed. /
Remainder of edition statement rev. by Pramod Kumar Das.
260 ## - PUBLICATION, DISTRIBUTION, ETC. (IMPRINT)
Place of publication, distribution, etc Delhi
Name of publisher, distributor, etc Universal Law Publishing
Date of publication, distribution, etc 2008
270 ## - ADDRESS
Address C-FF-1A, Dilkhush Industrial Estate, (Opp, Hans Cinema, Azadpur) GT. Karnal Road,,
City Delhi
Postal code 110033
300 ## - PHYSICAL DESCRIPTION
Extent cxxxi, 1784p.
Dimensions 25cm (Hb)
Accompanying material CD-ROM
500 ## - GENERAL NOTE
General note Includes index
650 ## - SUBJECT ADDED ENTRY--TOPICAL TERM
Topical term or geographic name as entry element Electric engineering
General subdivision Law and legislation
Geographic subdivision India
700 ## - ADDED ENTRY--PERSONAL NAME
Personal name Das, Pramod Kumar
942 ## - ADDED ENTRY ELEMENTS (KOHA)
Source of classification or shelving scheme Dewey Decimal Classification
Item type English Books
Call number suffix AIY
Classification part 343.540929
Holdings
Withdrawn status Lost status Source of classification or shelving scheme Damaged status Not for loan Collection code Home library Current library Date acquired Source of acquisition Cost, normal purchase price Total Checkouts Full call number Barcode Date last seen Copy number Cost, replacement price Koha item type
    Dewey Decimal Classification   Not For Loan Non-fiction D.B.Act.Division D.B.Act.Division 20/11/2008 DBAD / PUB 1695.00   343.540929 AIY EN-75246 20/11/2008 1 1695.00 English Books

© Delhi Public Library
Hit Counter
free hit counter